[Event "BEL-chT 2122"]
[Site "Belgium"]
[Date "2022.03.20"]
[Round "4.7"]
[White "Braun, Christian1111"]
[Black "Mesman, Edwyn"]
[Result "1-0"]
[WhiteElo "2396"]
[BlackElo "2170"]
[PlyCount "67"]
[EventDate "2021.10.24"]
[EventType "team-tourn"]
[EventRounds "11"]
[EventCountry "BEL"]
[SourceTitle "EXT 2023"]
[Source "ChessBase"]
[SourceDate "2022.10.05"]
[SourceVersion "1"]
[SourceVersionDate "2022.10.05"]
[SourceQuality "1"]
[WhiteTeam "Wirtzfeld"]
[BlackTeam "Wachtebeke"]
[WhiteTeamCountry "BEL"]
[BlackTeamCountry "BEL"]

1. Nf3 d5 2. g3 Nf6 3. Bg2 Bg4 4. 0-0 e6 5. d3 Be7 6. Nbd2 0-0 7. e4 Nc6 8. Re1 a5 9. a4 Bc5 10. c3 Ba7 11. Qb3 Rb8 12. d4 Re8 13. Qb5 h6 14. Nh4 dxe4 15. h3 Bh5 16. Nxe4 e5 17. Bd2 Bg6 18. Nxg6 fxg6 19. d5 Nxe4 20. Bxe4 Qf6 21. Be3 Rf8 22. dxc6 Bxe3 23. Rf1 Bb6 24. cxb7 Bxf2+ 25. Kg2 Qb6 26. Qxb6 Bxb6 27. Bd5+ Kh7 28. Rxf8 Rxf8 29. Rf1 Rd8 30. Kf3 Ba7 31. Ke4 c6 32. Bxc6 Rd2 33. Rf8 Rxb2 34. Ra8 1-0

[Event "BEL-chT 1920"]
[Site "Belgium"]
[Date "2019.11.17"]
[Round "4.7"]
[White "Boidman, Yuri"]
[Black "Mesman, Edwyn"]
[Result "1/2-1/2"]
[WhiteElo "2341"]
[BlackElo "2156"]
[PlyCount "115"]
[EventDate "2019.09.29"]
[EventType "team-tourn"]
[EventRounds "11"]
[EventCountry "BEL"]
[SourceTitle "CBM 195 Extra"]
[Source "ChessBase"]
[SourceDate "2020.05.31"]
[SourceVersion "1"]
[SourceVersionDate "2020.05.31"]
[SourceQuality "1"]
[WhiteTeam "Wirtzfeld"]
[BlackTeam "Wachtebeke"]
[WhiteTeamCountry "BEL"]
[BlackTeamCountry "BEL"]

1. e4 c6 2. c4 d5 3. exd5 cxd5 4. cxd5 Nf6 5. Qa4+ Nbd7 6. Nc3 g6 7. Nf3 Bg7 8. Qb3 0-0 9. Bc4 Nc5 10. Qa3 b6 11. d4 Nce4 12. Nxe4 Nxe4 13. Ne5 Bb7 14. Qb3 Nd6 15. Bd3 e6 16. dxe6 Bxg2 17. Rg1 Be4 18. exf7+ Nxf7 19. Nxf7 Rxf7 20. Bxe4 Qxd4 21. Qe3 Re8 22. Rg4 h5 23. Qxd4 Bxd4 24. Rxg6+ Bg7 25. Be3 Rxe4 26. 0-0-0 Kh7 27. Rg5 Rh4 28. Rdd5 Rc7+ 29. Kb1 Rxh2 30. Rxh5+ Rxh5 31. Rxh5+ Kg6 32. Rd5 Kf7 33. a4 Ke6 34. Rb5 Be5 35. f4 Bf6 36. a5 bxa5 37. f5+ Kf7 38. Rxa5 Rb7 39. Bc1 Bd4 40. Rd5 Rb4 41. Kc2 Kf6 42. b3 Be5 43. Bb2 Bxb2 44. Kxb2 Rf4 45. Ra5 Rxf5 46. Rxa7 Ke6 47. Ka3 Kd6 48. Ka4 Kc6 49. Rh7 Kb6 50. Rh6+ Kb7 51. b4 Rf8 52. Ka5 Rg8 53. Rh7+ Kb8 54. b5 Rf8 55. Ka6 Rf6+ 56. b6 Rf8 57. Rb7+ Ka8 58. Rh7 1/2-1/2

[Event "EU-Cup 35th"]
[Site "Ulcinj"]
[Date "2019.11.10"]
[Round "1.8"]
[White "Mesman, Edwyn"]
[Black "Romanov, Evgeny"]
[Result "0-1"]
[WhiteElo "2156"]
[BlackElo "2597"]
[PlyCount "56"]
[EventDate "2019.11.10"]
[EventType "team-swiss"]
[EventRounds "7"]
[EventCountry "MNE"]
[SourceTitle "CBM 193 Extra"]
[Source "ChessBase"]
[SourceDate "2020.01.31"]
[SourceVersion "1"]
[SourceVersionDate "2020.01.31"]
[SourceQuality "1"]
[WhiteTeam "Kennemer Combinatie"]
[BlackTeam "Valerenga"]
[WhiteTeamCountry "NED"]
[BlackTeamCountry "NOR"]

1. d4 Nf6 2. c4 b6 3. Nc3 Bb7 4. a3 d5 5. Bg5 dxc4 6. e3 Nbd7 7. Nf3 h6 8. Bxf6 Nxf6 9. Bxc4 e6 10. 0-0 a6 11. Qe2 Be7 12. Rfd1 Nd5 13. e4 Nxc3 14. bxc3 0-0 15. a4 Qe8 16. Bd3 a5 17. Ne5 f6 18. Nf3 e5 19. Nh4 Kh7 20. Qg4 Rd8 21. f4 Bc8 22. f5 exd4 23. cxd4 Rxd4 24. Bb5 Rxe4 25. Qg3 Qh5 26. Ng6 Rf7 27. Bd3 Bc5+ 28. Kh1 Bd6 0-1

[Event "Vlissingen HZ op 23rd"]
[Site "Vlissingen"]
[Date "2019.08.03"]
[Round "1"]
[White "Hng, Mei Xian Eunice"]
[Black "Mesman, Edwyn"]
[Result "0-1"]
[WhiteElo "1719"]
[BlackElo "2172"]
[PlyCount "66"]
[EventDate "2019.08.03"]
[EventType "swiss"]
[EventRounds "9"]
[EventCountry "NED"]
[SourceTitle "CBM 191 Extra"]
[Source "ChessBase"]
[SourceDate "2019.09.30"]
[SourceVersion "1"]
[SourceVersionDate "2019.09.30"]
[SourceQuality "1"]

1. e4 c6 2. d4 d5 3. e5 Bf5 4. h4 h5 5. c4 e6 6. Nc3 Ne7 7. Bg5 Qb6 8. Bxe7 Bxe7 9. Qd2 dxc4 10. Bxc4 Nd7 11. 0-0-0 0-0-0 12. Qe3 Qb4 13. Bd3 Bxd3 14. Rxd3 Nb6 15. Nf3 Rd7 16. Rhd1 Rhd8 17. Qe2 Kb8 18. Kb1 Nc4 19. Ne4 Qb5 20. Ka1 Nb6 21. Nc3 Qc4 22. Nd2 Qa6 23. Nb3 g6 24. g3 Ka8 25. Qf3 Nc4 26. Qf4 Bb4 27. Ne4 Qb5 28. Nf6 Rc7 29. Qf3 a5 30. Qe2 a4 31. Nc5 a3 32. b3 Nb2 33. Qe3 Nxd1 0-1

[Event "Dieren op"]
[Site "Dieren"]
[Date "2019.07.24"]
[Round "2"]
[White "Hausrath, Daniel"]
[Black "Mesman, Edwyn"]
[Result "1-0"]
[WhiteElo "2468"]
[BlackElo "2204"]
[PlyCount "47"]
[EventDate "2019.07.23"]
[EventType "swiss"]
[EventRounds "9"]
[EventCountry "NED"]
[SourceTitle "CBM 191 Extra"]
[Source "ChessBase"]
[SourceDate "2019.09.30"]
[SourceVersion "1"]
[SourceVersionDate "2019.09.30"]
[SourceQuality "1"]

1. Nf3 Nf6 2. b3 g6 3. Bb2 Bg7 4. c4 c5 5. g3 b6 6. Bg2 Bb7 7. 0-0 0-0 8. Nc3 Nc6 9. d4 d6 10. d5 Na5 11. Qc2 a6 12. a4 b5 13. axb5 axb5 14. Nxb5 Qb6 15. e4 Ba6 16. Ra4 Bxb5 17. cxb5 Ra7 18. Rfa1 Qxb5 19. Nd2 Rb8 20. Bc3 Rba8 21. Bf1 Qb6 22. Rxa5 Rxa5 23. Rxa5 Rxa5 24. Nc4 1-0

[Event "Amsterdam Science Park op-A"]
[Site "Amsterdam"]
[Date "2019.07.13"]
[Round "8"]
[White "Mesman, Edwyn"]
[Black "Belous, Mikhail"]
[Result "0-1"]
[WhiteElo "2204"]
[BlackElo "2289"]
[PlyCount "70"]
[EventDate "2019.07.06"]
[EventType "swiss"]
[EventRounds "9"]
[EventCountry "NED"]
[SourceTitle "CBM 191 Extra"]
[Source "ChessBase"]
[SourceDate "2019.09.30"]
[SourceVersion "1"]
[SourceVersionDate "2019.09.30"]
[SourceQuality "1"]

1. d4 Nf6 2. c4 g6 3. Nc3 Bg7 4. e4 d6 5. Be2 0-0 6. Be3 e5 7. d5 Na6 8. g4 Nc5 9. f3 h5 10. g5 Nh7 11. h4 f6 12. b4 Na6 13. Qa4 fxg5 14. hxg5 Nxg5 15. 0-0-0 Nb8 16. c5 a5 17. Kb1 Kh7 18. Rc1 Bh6 19. Bf2 Nd7 20. cxd6 cxd6 21. Rc2 Nf6 22. bxa5 Nfxe4 23. Nxe4 Nxe4 24. Bh4 Ng5 25. Bd3 Rf4 26. Be4 Bf5 27. Bxg5 Bxg5 28. Nh3 Bxe4 29. fxe4 Rf7 30. Qa3 Bh6 31. Rg1 Qxa5 32. Qxd6 Qb5+ 33. Rb2 Rf1+ 34. Rxf1 Qxf1+ 35. Kc2 Rc8+ 0-1

[Event "NED-ch U20"]
[Site "Assen"]
[Date "2018.04.30"]
[Round "2"]
[White "De Boer, Bas"]
[Black "Mesman, Edwyn"]
[Result "0-1"]
[WhiteElo "2159"]
[BlackElo "2082"]
[PlyCount "64"]
[EventDate "2018.04.29"]
[EventType "swiss"]
[EventRounds "7"]
[EventCountry "NED"]
[SourceTitle "CBM 184 Extra"]
[Source "ChessBase"]
[SourceDate "2018.06.28"]
[SourceVersion "1"]
[SourceVersionDate "2018.06.28"]
[SourceQuality "1"]

1. Nf3 Nf6 2. c4 e6 3. Nc3 d5 4. e3 Be7 5. b3 0-0 6. Bb2 b6 7. cxd5 Nxd5 8. Nxd5 Qxd5 9. Bc4 Qd8 10. Ne5 Bb7 11. Qg4 Bf6 12. d4 c5 13. 0-0 cxd4 14. exd4 a6 15. Rfe1 g6 16. Re3 b5 17. Bd3 Nd7 18. Rd1 Bg7 19. Rh3 Nf6 20. Qe2 Qd5 21. f3 Rac8 22. g4 Qd6 23. Bb1 Nd5 24. Qd2 b4 25. Be4 Nc3 26. Nc4 Rxc4 27. bxc4 Nxd1 28. Qxd1 Bxe4 29. fxe4 Rd8 30. Rd3 Qc6 31. d5 Qc5+ 32. Bd4 Bxd4+ 0-1

[Event "Delft Prinsenstad op 11th"]
[Site "Delft"]
[Date "2018.03.31"]
[Round "3"]
[White "Haast, Mark"]
[Black "Mesman, Edwyn"]
[Result "1-0"]
[WhiteElo "2331"]
[BlackElo "2072"]
[PlyCount "139"]
[EventDate "2018.03.30"]
[EventType "swiss"]
[EventRounds "6"]
[EventCountry "NED"]
[SourceTitle "CBM 183 Extra"]
[Source "ChessBase"]
[SourceDate "2018.04.19"]
[SourceVersion "1"]
[SourceVersionDate "2018.04.19"]
[SourceQuality "1"]

1. c4 Nf6 2. g3 e6 3. Nf3 d5 4. Bg2 Be7 5. 0-0 0-0 6. d4 dxc4 7. Qc2 a6 8. a4 Bd7 9. Qxc4 Bc6 10. Bg5 Bd5 11. Qc1 a5 12. Nc3 Bxf3 13. Bxf3 c6 14. Rd1 Na6 15. e4 Nb4 16. Na2 Nxa2 17. Rxa2 Qb6 18. Qc4 Rac8 19. h4 Rfd8 20. b3 Rd7 21. Kg2 Rcd8 22. Rad2 Qb4 23. Be3 Qxc4 24. bxc4 Bb4 25. Rd3 e5 26. d5 c5 27. Bg5 Rd6 28. h5 Kf8 29. Bh4 Ke8 30. Bxf6 gxf6 31. h6 Ke7 32. Bg4 f5 33. Bxf5 Rxh6 34. g4 Kd6 35. Rg3 Rg8 36. Rdd3 Rh8 37. Rh3 Rxh3 38. Rxh3 h6 39. Kf3 b6 40. Ke2 Ke7 41. g5 h5 42. f4 Kd6 43. fxe5+ Kxe5 44. Kd3 h4 45. Ke2 Rh5 46. g6 fxg6 47. Bxg6 Rh6 48. Bf5 Kd4 49. Rd3+ Ke5 50. Kf2 Kd6 51. Rh3 Ke5 52. Ke2 Kd6 53. Rd3 Ke5 54. Re3 Rd6 55. Be6 Rxe6 56. dxe6 Kxe6 57. Rh3 Ke5 58. Rxh4 Kd4 59. e5+ Kxe5 60. Kd3 Kd6 61. Rh6+ Kc7 62. Ke4 Bd2 63. Rg6 Bc3 64. Kd5 Kb7 65. Rh6 Bd2 66. Rh7+ Ka6 67. Kc6 Be3 68. Rb7 Bd4 69. Rxb6+ Ka7 70. Rb5 1-0

[Event "Dieren op"]
[Site "Dieren"]
[Date "2017.07.29"]
[Round "5"]
[White "Kokje, Joris"]
[Black "Mesman, Edwyn"]
[Result "1/2-1/2"]
[WhiteElo "2112"]
[BlackElo "2230"]
[PlyCount "44"]
[EventDate "2017.07.25"]
[EventType "swiss"]
[EventRounds "9"]
[EventCountry "NED"]
[SourceTitle "CBM 179 Extra"]
[Source "ChessBase"]
[SourceDate "2017.08.23"]
[SourceVersion "1"]
[SourceVersionDate "2017.08.23"]
[SourceQuality "1"]

1. d4 Nf6 2. c4 e6 3. Nf3 d5 4. g3 Be7 5. Bg2 0-0 6. 0-0 dxc4 7. Qc2 a6 8. a4 Bd7 9. Qxc4 Bc6 10. Bg5 Bd5 11. Qc2 Be4 12. Qc1 h6 13. Bxf6 Bxf6 14. Rd1 a5 15. Nbd2 Bh7 16. Nb3 c6 17. Nc5 Qb6 18. Ra3 Qc7 19. e3 Na6 20. Nxa6 Rxa6 21. Qc3 Be7 22. Raa1 Qb6 1/2-1/2

[Event "Amsterdam Science Park op-A"]
[Site "Amsterdam"]
[Date "2017.07.15"]
[Round "8"]
[White "Kunin, Vitaly L"]
[Black "Mesman, Edwyn"]
[Result "1-0"]
[WhiteElo "2571"]
[BlackElo "2230"]
[PlyCount "79"]
[EventDate "2017.07.08"]
[EventType "swiss"]
[EventRounds "9"]
[EventCountry "NED"]
[SourceTitle "CBM 179 Extra"]
[Source "ChessBase"]
[SourceDate "2017.08.23"]
[SourceVersion "1"]
[SourceVersionDate "2017.08.23"]
[SourceQuality "1"]

1. d4 Nf6 2. c4 e6 3. Nf3 d5 4. Nc3 dxc4 5. e3 a6 6. Bxc4 b5 7. Bd3 Bb7 8. 0-0 Nbd7 9. a4 b4 10. Nb1 c5 11. b3 Bd6 12. Nbd2 Qb8 13. h3 0-0 14. Bb2 cxd4 15. Nxd4 Nc5 16. Bc4 Rd8 17. Qe2 Qa7 18. f4 Nce4 19. Nxe4 Bxe4 20. Rad1 Bc5 21. Kh1 Rd6 22. f5 e5 23. Nf3 Rxd1 24. Rxd1 Bxf3 25. Qxf3 e4 26. Qg3 Be7 27. Qe1 Qc5 28. g4 h6 29. Qg3 Ne8 30. Rd7 Kf8 31. Qf4 Qc6 32. f6 Nxf6 33. Rc7 Qb6 34. Rxe7 Kxe7 35. Bxf6+ Kf8 36. Be7+ Kxe7 37. Qxe4+ Kf6 38. Qf4+ Ke7 39. Qxf7+ Kd6 40. Qd5+ 1-0

[Event "Amsterdam Science Park op-A"]
[Site "Amsterdam"]
[Date "2017.07.13"]
[Round "5"]
[White "Mesman, Edwyn"]
[Black "Biastoch, Bennet"]
[Result "1/2-1/2"]
[WhiteElo "2230"]
[BlackElo "2173"]
[PlyCount "69"]
[EventDate "2017.07.08"]
[EventType "swiss"]
[EventRounds "9"]
[EventCountry "NED"]
[SourceTitle "CBM 179 Extra"]
[Source "ChessBase"]
[SourceDate "2017.08.23"]
[SourceVersion "1"]
[SourceVersionDate "2017.08.23"]
[SourceQuality "1"]

1. d4 d5 2. c4 dxc4 3. e3 c6 4. Bxc4 Nf6 5. Nf3 e6 6. 0-0 Bd6 7. Nbd2 Nbd7 8. b3 0-0 9. Bb2 Qa5 10. Bd3 Be7 11. e4 c5 12. Nc4 Qd8 13. e5 Nd5 14. a3 b6 15. Nfd2 Bb7 16. Ne4 Nf4 17. Re1 f5 18. exf6 Nxf6 19. Bc2 Nxe4 20. Bxe4 Bxe4 21. Rxe4 Qd5 22. f3 Rad8 23. Kh1 cxd4 24. Rxd4 Qg5 25. Qc2 Bc5 26. Rdd1 Rd5 27. b4 Be7 28. Ne3 Rxd1+ 29. Rxd1 Nd5 30. Nxd5 exd5 31. Qc6 Rd8 32. Qe6+ Kf8 33. Re1 Bf6 34. Bc1 Qg6 35. Bf4 1/2-1/2

[Event "Groningen Combinatie op"]
[Site "Groningen"]
[Date "2017.05.27"]
[Round "4"]
[White "Dessing, Bastiaan"]
[Black "Mesman, Edwyn"]
[Result "1/2-1/2"]
[WhiteElo "2049"]
[BlackElo "2060"]
[PlyCount "44"]
[EventDate "2017.05.25"]
[EventType "swiss"]
[EventRounds "7"]
[EventCountry "NED"]
[SourceTitle "CBM 178 Extra"]
[Source "ChessBase"]
[SourceDate "2017.06.22"]
[SourceVersion "1"]
[SourceVersionDate "2017.06.22"]
[SourceQuality "1"]

1. e4 c5 2. Nf3 d6 3. Bb5+ Nd7 4. d4 cxd4 5. Qxd4 a6 6. Bc4 Ngf6 7. 0-0 e5 8. Qd1 Be7 9. a4 0-0 10. Nc3 Qc7 11. Qe2 b6 12. Bg5 Bb7 13. Nh4 Rfc8 14. Nf5 Bf8 15. b3 h6 16. Bh4 g6 17. Ne3 g5 18. Bg3 Nxe4 19. Nxe4 Bxe4 20. Bxa6 Rd8 21. Bc4 Nf6 22. Rad1 d5 1/2-1/2

[Event "Reykjavik op"]
[Site "Reykjavik"]
[Date "2017.04.23"]
[Round "6"]
[White "Mesman, Edwyn"]
[Black "Acevedo Mendez, Lisseth"]
[Result "0-1"]
[WhiteElo "2199"]
[BlackElo "1845"]
[PlyCount "60"]
[EventDate "2017.04.19"]
[EventType "swiss"]
[EventRounds "10"]
[EventCountry "ISL"]
[SourceTitle "CBM 178 Extra"]
[Source "ChessBase"]
[SourceDate "2017.06.22"]
[SourceVersion "1"]
[SourceVersionDate "2017.06.22"]
[SourceQuality "1"]

1. d4 f5 2. c4 d6 3. Nf3 Nf6 4. g3 g6 5. b4 Bg7 6. Bb2 0-0 7. Bg2 c6 8. 0-0 Qc7 9. Nbd2 Re8 10. Qb3 Kh8 11. Rfe1 e5 12. dxe5 dxe5 13. e4 a5 14. bxa5 Qxa5 15. a3 Na6 16. Bc3 Qc7 17. exf5 Nc5 18. Qa2 e4 19. Nd4 gxf5 20. N2b3 Nd3 21. Red1 Ne5 22. Nd2 Neg4 23. Re1 Ne5 24. Nf1 Nd3 25. Red1 Ng4 26. Rd2 Qb6 27. c5 Qxc5 28. Qf7 Re7 29. Ne6 Rxf7 30. Nxc5 Bxc3 0-1

[Event "Reykjavik op"]
[Site "Reykjavik"]
[Date "2017.04.22"]
[Round "5"]
[White "Sigurjonsson, Siguringi"]
[Black "Mesman, Edwyn"]
[Result "1-0"]
[WhiteElo "1997"]
[BlackElo "2199"]
[PlyCount "69"]
[EventDate "2017.04.19"]
[EventType "swiss"]
[EventRounds "10"]
[EventCountry "ISL"]
[SourceTitle "CBM 178 Extra"]
[Source "ChessBase"]
[SourceDate "2017.06.22"]
[SourceVersion "1"]
[SourceVersionDate "2017.06.22"]
[SourceQuality "1"]

1. Nf3 Nf6 2. c4 g6 3. b4 Bg7 4. Bb2 0-0 5. g3 d5 6. cxd5 Nxd5 7. Bxg7 Kxg7 8. Qb3 Qd6 9. Qb2+ Kg8 10. a3 a5 11. b5 Bg4 12. Bg2 Nd7 13. d4 Rfe8 14. Nbd2 N5b6 15. 0-0 e5 16. Ne4 Qe7 17. Nxe5 Nxe5 18. dxe5 Nc4 19. Qc3 Nxe5 20. f4 f5 21. Ng5 Qf6 22. Bd5+ Kg7 23. Qxc7+ Re7 24. Qc2 h6 25. Ne6+ Kh7 26. fxe5 Qxe5 27. Qb3 Bxe2 28. Rae1 Rc8 29. Rf2 Rxe6 30. Bxe6 Rc3 31. Rexe2 Rc1+ 32. Kg2 Qa1 33. Bxf5 Rg1+ 34. Kh3 Rxg3+ 35. Kxg3 1-0